书目信息 |
| 题名: |
托福词汇一点通
|
|
| 作者: | 艾森伯格 , 科尔曼 著 | |
| 分册: | ||
| 出版信息: | 郑州 河南人民出版社 2004.03 |
|
| 页数: | 267页 | |
| 开本: | 23cm | |
| 丛书名: | ||
| 单 册: | ||
| 中图分类: | H314 | |
| 科图分类: | ||
| 主题词: | 英语 | |
| 电子资源: | ||
| ISBN: | 7-215-05381-4 | |
| 000 | 00614nam0 2200205 45 | |
| 001 | 0434582882 | |
| 005 | 2004070809362287 | |
| 010 | @a7-215-05381-4@dCNY 30.00 | |
| 100 | @a20040708d2004 km y0chiy0120 ea | |
| 101 | 0 | @achi |
| 102 | @aCN@b410000 | |
| 200 | 1 | @a托福词汇一点通@ATuo Fu Ci Hui Yi Dian Tong@f(美)艾森伯格,(美)科尔曼著@F(Mei)Ai Sen Bo Ge,(Mei)Ke Er Man Zhu |
| 210 | @a郑州@c河南人民出版社@d2004.03 | |
| 215 | @a267页@d23cm | |
| 606 | 0 | @a英语 |
| 690 | @aH314@v3 | |
| 701 | 0 | @a艾森伯格@AAi Sen Bo Ge@4著 |
| 701 | 0 | @a科尔曼@AKe Er Man@4著 |
| 801 | 0 | @aCN@bPFT@c20040708 |
| 905 | @a安徽大学@dH314@eA380 | |
| 托福词汇一点通/(美)艾森伯格,(美)科尔曼著.-郑州:河南人民出版社,2004.03 |
| 267页;23cm |
| ISBN 7-215-05381-4:CNY 30.00 |
| ● |
| 相关链接 |
|
|
|
正题名:托福词汇一点通
索取号:H314/A380
 
预约/预借
| 序号 | 登录号 | 条形码 | 馆藏地/架位号 | 状态 | 备注 |
| 1 | 385255 | 203852553 | 语言库209/209语言库 34排5列2层/ [索取号:H314/A380] | 在馆 | |
| 2 | 385256 | 203852562 | 语言库209/209语言库 34排5列2层/ [索取号:H314/A380] | 在馆 | |
| 3 | 385257 | 203852571 | 语言库209/209语言库 34排5列2层/ [索取号:H314/A380] | 在馆 |